| 000 | 00723cam a2200253u 4500 | ||
|---|---|---|---|
| 001 | 14519 | ||
| 003 | BD-RjUL | ||
| 005 | 20211208235637.0 | ||
| 008 | 140206s1957 nyuoc j 001 0 eng | ||
| 035 | _a(BD-RjUL)14571 | ||
| 040 |
_aDLC _cCarP _dBD-RjUL _beng |
||
| 041 | _aeng | ||
| 082 | 0 | 4 |
_2 20 _a930 _bMCB 1957 |
| 100 | 1 |
_aMcGuire, Edna _945281 |
|
| 245 | 1 | 0 |
_aBackgrounds of American freedom / _cEdna McGuire |
| 260 |
_aNew York : _bMacmillan, _cc1957. |
||
| 300 |
_aix, 438 p. : _bill. ; _c23 cm. |
||
| 504 | _aInclude index. | ||
| 650 | 0 |
_aHistory, Ancient _vJuvenile literature. _945282 |
|
| 650 | 0 |
_aMiddle Ages _vJuvenile literature. _945283 |
|
| 942 |
_2ddc _cBK |
||
| 999 |
_c14519 _d14519 |
||